| 000 | 00753nam a2200277Ia 4500 | ||
|---|---|---|---|
| 003 | OSt | ||
| 005 | 20221006151223.0 | ||
| 006 | a|||||r|||| 00| 0 | ||
| 007 | ta | ||
| 008 | 221006b |||||||| |||| 00| 0 jpn d | ||
| 020 | _c¥880 | ||
| 024 | _a21,350 | ||
| 037 |
_bGift, Japan Foundation _cTextual |
||
| 040 |
_aEASL _cEASL _bjpn |
||
| 041 |
_2jpn _ajpn |
||
| 082 | _aS:38.42, M1 | ||
| 100 | _aDOI Takeo | ||
| 245 | 0 | _aAmae no kozo = Anatomy of dependence | |
| 260 |
_aTokyo _bKobundo Japan _c1981 |
||
| 300 |
_a228p. _ccm. |
||
| 490 | _v JL | ||
| 500 | _aEnglish Translation as Anatomy of dependence | ||
| 650 | _aJL | ||
| 942 |
_hS:38.42, M1 _cTEXL _2CC |
||
| 999 |
_c1089436 _d1089436 |
||